00594 2200205 4500001002100000005001500021035002000036007000300056008004100059020002200100082001000122084001600132100001400148245006800162260007400230300004200304650000900346650001800355650001500373INLIS00000000000155420260127092746 a0010-0126000013ta260127 g 0 ind  a978-979-3628-29-5 a635.6 a635.6 IKR b0 aIkrarwati1 aBudidaya Cabe di Perkotaan : Sebuah Panduan Teknis /cIkrarwati aJakarta :bBalai Pengkajian Teknologi Pertanian (BPTP) Jakarta,c2018 aii, 30 hlm, :bilus, ;c15 cm x 21 cm 4aBuku 4aBudidaya Cabe 4aPerkotaaan